00424nam a2200169 a 450000100060000000300090000600800410001502000150005604000280007108200100009910000170010924500210012626000400014730000100018749000340019765000230023120170CO-ViMGA141112s2004 ck r 000 u spa d a9802572276 aCO-ViMGAbspacCO-ViMGA04aMCKce1 aMcKee, David10aCebra tiene hipo aCaracas : bEdiciones Ekare, c1998 a28 p.0 aColección primeras lecturas14aCUENTOS INFANTILES